[Event "Muenster Bezirksliga 0506"]
[Site "Muenster"]
[Date "2005.12.17"]
[Round "4.5"]
[White "Hofene, Josef"]
[Black "Gerke, Norbert"]
[Result "0-1"]
[WhiteElo "1792"]
[BlackElo "1571"]
[PlyCount "64"]
[EventDate "2005.09.10"]
[EventType "team"]
[EventRounds "9"]
[EventCountry "GER"]
[SourceTitle "EXT 2007"]
[Source "ChessBase"]
[SourceDate "2006.11.23"]
[SourceVersion "1"]
[SourceVersionDate "2006.11.23"]
[SourceQuality "1"]
[WhiteTeam "Beelen"]
[BlackTeam "Telgte III"]
[WhiteTeamCountry "GER"]
[BlackTeamCountry "GER"]

1. e4 d5 2. exd5 Qxd5 3. Nc3 Qa5 4. Nf3 Nf6 5. Bc4 Bg4 6. h3 Bh5 7. d3 Nbd7 8. g4 Nxg4 9. hxg4 Bxg4 10. d4 0-0-0 11. Be2 e5 12. Nxe5 Bxe2 13. Qxe2 Bb4 14. Bd2 Rhe8 15. Ne4 Bxd2+ 16. Qxd2 Qd5 17. f3 Nxe5 18. dxe5 Qxe5 19. 0-0-0 Rxd2 20. Rxd2 Qf4 21. Re1 Rd8 22. Red1 f5 23. Nc5 Rxd2 24. Rxd2 Qc4 25. b4 Qf1+ 26. Kb2 Qxf3 27. Ne6 b6 28. Rd8+ Kb7 29. Rd7 Qg3 30. Nxg7 f4 31. Nf5 Qg6 32. Nd6+ Kc6 0-1